000 00217 a2200109 4500
020 _a9781880684245
041 _aeng
100 _aBurgos, Julia de
245 _aSong of the simple truth
942 _cBK
999 _c9223
_d9223
999 _d9223